[Event "Montcalm op 6 2016-17"]
[Site "Quebec CAN"]
[Date "2017.04.13"]
[Round "4"]
[White "Dumont, Eric"]
[Black "Genest, Dominic"]
[Result "0-1"]
[WhiteElo "1683"]
[BlackElo "1670"]
[WhiteFideId "-1"]
[WhiteFideId "-1"]
[PlyCount "50"]
[GameId "2160767908478019"]
[EventDate "2017.03.23"]
[EventType "swiss"]
[EventRounds "5"]
[EventCountry "CAN"]
[SourceTitle "EXT 2022"]
[Source "ChessBase"]
[SourceDate "2021.10.06"]
[SourceVersion "1"]
[SourceVersionDate "2021.10.06"]
[SourceQuality "1"]

1. d4 d5 2. Bf4 Nf6 3. Nf3 e6 4. Nbd2 Bd6 5. Ne5 Nh5 6. Bg3 Nxg3 7. hxg3 Nd7 8. Nxd7 Bxd7 9. e4 dxe4 10. Nxe4 Qe7 11. Nxd6+ Qxd6 12. Qg4 Qb4+ 13. c3 Qxb2 14. Rd1 Qxc3+ 15. Rd2 g6 16. Be2 O-O-O 17. Qf4 f5 18. O-O Bc6 19. Rdd1 Rd6 20. Qe5 Rhd8 21. Rd3 Qc4 22. d5 Bxd5 23. Rd4 Qc6 24. f3 Bxa2 25. Bb5 Qb6 0-1

[Event "Montcalm op 6 2016-17"]
[Site "Quebec CAN"]
[Date "2017.04.13"]
[Round "4"]
[White "Lessard, Claude"]
[Black "Cummins, Paul"]
[Result "1-0"]
[WhiteElo "2119"]
[BlackElo "1723"]
[WhiteFideId "-1"]
[WhiteFideId "-1"]
[PlyCount "71"]
[GameId "2160767908478020"]
[EventDate "2017.03.23"]
[EventType "swiss"]
[EventRounds "5"]
[EventCountry "CAN"]
[SourceTitle "EXT 2022"]
[Source "ChessBase"]
[SourceDate "2021.10.06"]
[SourceVersion "1"]
[SourceVersionDate "2021.10.06"]
[SourceQuality "1"]

1. d4 d5 2. Bf4 Nf6 3. e3 e6 4. Bd3 Nbd7 5. Nf3 c5 6. c3 b6 7. O-O Bb7 8. h3 Be7 9. Nbd2 O-O 10. Re1 cxd4 11. exd4 a6 12. Ne5 Nxe5 13. Bxe5 g6 14. Qf3 Nd7 15. Bf4 Bf6 16. Bh6 Re8 17. Bf4 Rc8 18. Qe3 b5 19. a3 Nb6 20. Nb3 Na4 21. Re2 Bc6 22. Rae1 Bd7 23. Bd6 Bh4 24. Qf3 Rc6 25. Bg3 Be7 26. Be5 Rc8 27. Bf4 a5 28. Qg3 Bh4 29. Qh2 b4 30. cxb4 axb4 31. Ba6 Ra8 32. Bc7 Qf6 33. Qd6 Re7 34. axb4 Bc8 35. Qd8+ Kg7 36. Be5 1-0

[Event "Montcalm op 6 2016-17"]
[Site "Quebec CAN"]
[Date "2017.04.13"]
[Round "4"]
[White "Levesque-Duchesne, Merlin"]
[Black "Fecteau, Martin"]
[Result "1/2-1/2"]
[WhiteElo "1669"]
[BlackElo "2019"]
[WhiteFideId "-1"]
[WhiteFideId "-1"]
[PlyCount "104"]
[GameId "2160767908478021"]
[EventDate "2017.03.23"]
[EventType "swiss"]
[EventRounds "5"]
[EventCountry "CAN"]
[SourceTitle "EXT 2022"]
[Source "ChessBase"]
[SourceDate "2021.10.06"]
[SourceVersion "1"]
[SourceVersionDate "2021.10.06"]
[SourceQuality "1"]

1. d4 d5 2. Bf4 e6 3. Nf3 Nf6 4. e3 c5 5. c3 Nc6 6. Nbd2 Be7 7. Bd3 O-O 8. h3 cxd4 9. exd4 h6 10. O-O Bd6 11. Bxd6 Qxd6 12. Re1 Bd7 13. Ne5 Rad8 14. f4 Ne7 15. g4 Ng6 16. Bxg6 fxg6 17. Nxg6 Rf7 18. Ne5 Rff8 19. g5 hxg5 20. fxg5 Ne4 21. Nxe4 dxe4 22. Qh5 Rf5 23. Qh4 Qe7 24. Rxe4 Qxg5+ 25. Qxg5 Rxg5+ 26. Rg4 Rxg4+ 27. hxg4 Bb5 28. Kf2 Rd6 29. Ke3 Be8 30. Rf1 Ra6 31. a3 Rb6 32. Rf2 a5 33. Nc4 Ra6 34. Ke4 b5 35. Ne5 Rb6 36. c4 bxc4 37. Nxc4 Rb5 38. Ne5 Rb3 39. d5 exd5+ 40. Kxd5 Rb6 41. Re2 a4 42. Nc4 Rb8 43. Nd6 Bg6 44. Kc5 Rf8 45. Re7 Rf2 46. Rb7 Bc2 47. Ne8 g6 48. Nd6 Bb3 49. Ne4 Rxb2 50. Kd6 Re2 51. Nf6+ Kf8 52. Nh7+ Kg8 1/2-1/2

[Event "Montcalm op 6 2016-17"]
[Site "Quebec CAN"]
[Date "2017.04.13"]
[Round "4"]
[White "Pare, Marc"]
[Black "Dube, Daniel"]
[Result "0-1"]
[WhiteElo "2058"]
[BlackElo "1936"]
[WhiteFideId "-1"]
[WhiteFideId "-1"]
[PlyCount "76"]
[GameId "2160767908478022"]
[EventDate "2017.03.23"]
[EventType "swiss"]
[EventRounds "5"]
[EventCountry "CAN"]
[SourceTitle "EXT 2022"]
[Source "ChessBase"]
[SourceDate "2021.10.06"]
[SourceVersion "1"]
[SourceVersionDate "2021.10.06"]
[SourceQuality "1"]

1. e4 Nf6 2. Nc3 d5 3. exd5 Nxd5 4. d4 Nxc3 5. bxc3 g6 6. Bd3 Bg7 7. Ne2 O-O 8. Be3 Nc6 9. f4 Bg4 10. O-O e6 11. Rb1 Rb8 12. Qe1 Bxe2 13. Qxe2 b6 14. Rf3 Qd6 15. Rh3 Ne7 16. Qf2 Nf5 17. Bd2 h5 18. Be2 c5 19. g4 hxg4 20. Bxg4 Bf6 21. Bxf5 exf5 22. Be3 c4 23. Rd1 Qd5 24. Rd2 Kg7 25. Qf1 Rh8 26. Rf3 Rbd8 27. Rd1 Rh4 28. h3 b5 29. Kh2 Re8 30. Rb1 a6 31. a4 Bd8 32. axb5 axb5 33. Bd2 Bc7 34. Be1 Rh5 35. Bd2 Re4 36. Qf2 Rh8 37. Rg1 Rhe8 38. Re1 Rxe1 0-1

[Event "Montcalm op 6 2016-17"]
[Site "Quebec CAN"]
[Date "2017.04.20"]
[Round "5"]
[White "Dube, Daniel"]
[Black "Cummins, Paul"]
[Result "1/2-1/2"]
[WhiteElo "1890"]
[BlackElo "1723"]
[WhiteFideId "-1"]
[WhiteFideId "-1"]
[PlyCount "97"]
[GameId "2160767908478023"]
[EventDate "2017.03.23"]
[EventType "swiss"]
[EventRounds "5"]
[EventCountry "CAN"]
[SourceTitle "EXT 2022"]
[Source "ChessBase"]
[SourceDate "2021.10.06"]
[SourceVersion "1"]
[SourceVersionDate "2021.10.06"]
[SourceQuality "1"]

1. d4 Nf6 2. Nf3 g6 3. c4 Bg7 4. Nc3 d6 5. e4 O-O 6. h3 Nbd7 7. Be3 e5 8. d5 Qe7 9. g4 Nc5 10. Nd2 c6 11. Be2 cxd5 12. cxd5 a6 13. g5 Ne8 14. Qc2 b5 15. a3 f5 16. gxf6 Nxf6 17. O-O-O Bd7 18. Kb1 Rfc8 19. Rc1 Ncxe4 20. Qb3 Nxc3+ 21. Rxc3 Rxc3 22. Qxc3 Nxd5 23. Qb3 Be6 24. Bf3 Nxe3 25. Qxe3 d5 26. Rc1 d4 27. Qe2 Rd8 28. Rc6 Bh6 29. Rxa6 d3 30. Qd1 Rc8 31. Rxe6 Qxe6 32. Bg4 Qc6 33. Bxc8 Qxc8 34. Qb3+ Kh8 35. Qxd3 Bxd2 36. Qxd2 Qxh3 37. Qd8+ Kg7 38. Qe7+ Kh6 39. Qxe5 Qf1+ 40. Ka2 Qxf2 41. Qxb5 g5 42. a4 g4 43. Qc6+ Kg7 44. Qd7+ Qf7+ 45. Qxf7+ Kxf7 46. a5 g3 47. a6 g2 48. a7 g1=Q 49. a8=Q 1/2-1/2

[Event "Montcalm op 6 2016-17"]
[Site "Quebec CAN"]
[Date "2017.04.20"]
[Round "5"]
[White "Dumont, Eric"]
[Black "Auger, Bertrand"]
[Result "0-1"]
[WhiteElo "1683"]
[BlackElo "1945"]
[WhiteFideId "-1"]
[WhiteFideId "-1"]
[PlyCount "122"]
[GameId "2160767908478024"]
[EventDate "2017.03.23"]
[EventType "swiss"]
[EventRounds "5"]
[EventCountry "CAN"]
[SourceTitle "EXT 2022"]
[Source "ChessBase"]
[SourceDate "2021.10.06"]
[SourceVersion "1"]
[SourceVersionDate "2021.10.06"]
[SourceQuality "1"]

1. d4 d5 2. Bf4 Nf6 3. e3 Nbd7 4. h3 g6 5. Nf3 Bg7 6. c4 O-O 7. Nc3 dxc4 8. Bxc4 Nb6 9. Bb3 e6 10. O-O Nbd5 11. Be5 Bd7 12. Rc1 Nxc3 13. bxc3 Bc6 14. c4 Qe7 15. Qe2 Rfd8 16. Rfd1 a5 17. a4 h6 18. Ne1 g5 19. Qa2 Bf8 20. Bg3 Ne4 21. Bh2 Qb4 22. Nd3 Qa3 23. Bxc7 Rdc8 24. Qxa3 Bxa3 25. Ra1 Nc3 26. Re1 Be4 27. Rxa3 Bxd3 28. Be5 Bxc4 29. Bxc4 Rxc4 30. Rb3 Nd5 31. Rxb7 Rxa4 32. Reb1 Rc4 33. Bd6 Rc2 34. Ra1 a4 35. Bc5 Kg7 36. Ra7 Rxa7 37. Bxa7 Rc4 38. Bc5 Kg6 39. Kf1 Kf5 40. Ke2 h5 41. Ra3 Kg6 42. Kd3 Rc1 43. Rxa4 Rg1 44. g3 Rh1 45. e4 Nf6 46. h4 gxh4 47. gxh4 Rxh4 48. Be7 Rh3+ 49. Ke2 Nxe4 50. Ra1 Nc3+ 51. Kd2 Nd5 52. Rg1+ Kf5 53. Rg5+ Kf4 54. Bd8 f6 55. Rg6 Kf5 56. Rg8 Ke4 57. Rf8 Rd3+ 58. Ke2 f5 59. Re8 Nf4+ 60. Ke1 Kf3 61. Ba5 Ng2+ 0-1

[Event "Montcalm op 6 2016-17"]
[Site "Quebec CAN"]
[Date "2017.04.20"]
[Round "5"]
[White "Fecteau, Martin"]
[Black "Pare, Marc"]
[Result "1/2-1/2"]
[WhiteElo "2019"]
[BlackElo "2058"]
[WhiteFideId "-1"]
[WhiteFideId "-1"]
[PlyCount "92"]
[GameId "2160767908478025"]
[EventDate "2017.03.23"]
[EventType "swiss"]
[EventRounds "5"]
[EventCountry "CAN"]
[SourceTitle "EXT 2022"]
[Source "ChessBase"]
[SourceDate "2021.10.06"]
[SourceVersion "1"]
[SourceVersionDate "2021.10.06"]
[SourceQuality "1"]

1. Nf3 Nf6 2. g3 d5 3. Bg2 c5 4. O-O Nc6 5. c4 d4 6. d3 e5 7. e4 Bd6 8. Nbd2 h6 9. Nh4 g6 10. h3 Bd7 11. f4 Nh5 12. Nf5 Bxf5 13. exf5 Nxg3 14. fxg6 Nxf1 15. gxf7+ Kf8 16. Qxf1 exf4 17. Ne4 Be7 18. Bxf4 Qd7 19. Qf3 Qe6 20. Rf1 Ne5 21. Bxe5 Qxe5 22. Qg4 h5 23. Qg6 Qg7 24. Qf5 b6 25. Qd7 Rh6 26. h4 Bxh4 27. Nd6 Rxd6 28. Qxd6+ Be7 29. Qd5 Rd8 30. Qxh5 Bg5 31. Rf5 Be3+ 32. Kf1 Rd7 33. Qf3 Rxf7 34. Qa8+ Ke7 35. Qxa7+ Ke6 36. Qxf7+ Qxf7 37. Rxf7 Kxf7 38. Ke2 Ke6 39. Kd1 Ke5 40. Kc2 Kd6 41. a3 Bf2 42. Kb3 Be1 43. Ka4 Bd2 44. b4 Bc1 45. Kb3 Kd7 46. Bh1 Kd6 1/2-1/2

[Event "Montcalm op 6 2016-17"]
[Site "Quebec CAN"]
[Date "2017.04.20"]
[Round "5"]
[White "Genest, Dominic"]
[Black "Lessard, Claude"]
[Result "0-1"]
[WhiteElo "1670"]
[BlackElo "2119"]
[WhiteFideId "-1"]
[WhiteFideId "-1"]
[PlyCount "54"]
[GameId "2160767908478026"]
[EventDate "2017.03.23"]
[EventType "swiss"]
[EventRounds "5"]
[EventCountry "CAN"]
[SourceTitle "EXT 2022"]
[Source "ChessBase"]
[SourceDate "2021.10.06"]
[SourceVersion "1"]
[SourceVersionDate "2021.10.06"]
[SourceQuality "1"]

1. c4 e5 2. Nc3 Nc6 3. g3 Nf6 4. Bg2 Bc5 5. e3 d6 6. Na4 Be6 7. Nxc5 dxc5 8. Bxc6+ bxc6 9. b3 Qd6 10. Bb2 Rd8 11. f3 Bf5 12. Ne2 O-O 13. g4 Bd3 14. O-O Rfe8 15. Rf2 a5 16. a4 h6 17. Bc3 Ra8 18. e4 Red8 19. Nc1 Bxe4 20. fxe4 Nxe4 21. Rf3 Nxc3 22. Rxc3 Qd4+ 23. Kf1 Qxc3 24. Ne2 Qf3+ 25. Kg1 Qxg4+ 26. Ng3 Qxd1+ 27. Rxd1 Rd3 0-1

[Event "Montcalm op 6 2016-17"]
[Site "Quebec CAN"]
[Date "2017.04.20"]
[Round "5"]
[White "Ripoll, Arthur"]
[Black "Dube, Dominic"]
[Result "0-1"]
[WhiteElo "1663"]
[BlackElo "1878"]
[WhiteFideId "-1"]
[WhiteFideId "-1"]
[PlyCount "100"]
[GameId "2160767908478027"]
[EventDate "2017.03.23"]
[EventType "swiss"]
[EventRounds "5"]
[EventCountry "CAN"]
[SourceTitle "EXT 2022"]
[Source "ChessBase"]
[SourceDate "2021.10.06"]
[SourceVersion "1"]
[SourceVersionDate "2021.10.06"]
[SourceQuality "1"]

1. e4 c5 2. Nf3 d6 3. d4 cxd4 4. Nxd4 Nf6 5. Nc3 g6 6. f3 Bg7 7. Be3 O-O 8. Qd2 Nc6 9. Nxc6 bxc6 10. Bh6 Bxh6 11. Qxh6 Qb6 12. O-O-O Rb8 13. b3 Qa5 14. Kb2 Be6 15. h4 c5 16. g4 c4 17. h5 cxb3 18. cxb3 Rfc8 19. Qd2 Qb4 20. Nd5 Qxd2+ 21. Rxd2 Bxd5 22. exd5 Rc5 23. hxg6 hxg6 24. g5 Rxd5 25. Rdh2 Nh5 26. f4 Rb4 27. Be2 Rxf4 28. Bxh5 gxh5 29. Rxh5 Rd2+ 30. Kc3 Rxa2 31. Rh8+ Kg7 32. R8h7+ Kg6 33. R1h6+ Kxg5 34. Rh5+ Kg4 35. Rh4+ Kf3 36. Rh3+ Ke4 37. Rd3 Rf5 38. Rh4+ Ke5 39. Re3+ Kd5 40. Rd4+ Kc5 41. Rc4+ Kb5 42. Rb4+ Ka5 43. Rb7 a6 44. Rbxe7 Kb6 45. Rd7 Kc6 46. Rde7 Rc5+ 47. Kd3 f5 48. Rf7 Rb2 49. Kd4 Rd2+ 50. Rd3 Rd5+ 0-1

[Event "Montcalm op 7 2016-17"]
[Site "Quebec CAN"]
[Date "2017.04.27"]
[Round "1"]
[White "Kamara, Adama"]
[Black "Sarra-Bournet, Marc"]
[Result "0-1"]
[WhiteElo "1486"]
[BlackElo "1787"]
[WhiteFideId "-1"]
[WhiteFideId "-1"]
[PlyCount "62"]
[GameId "2160767908411724"]
[EventDate "2017.04.27"]
[EventType "swiss"]
[EventRounds "5"]
[EventCountry "CAN"]
[SourceTitle "EXT 2022"]
[Source "ChessBase"]
[SourceDate "2021.10.06"]
[SourceVersion "1"]
[SourceVersionDate "2021.10.06"]
[SourceQuality "1"]

1. e4 e5 2. Nf3 Nc6 3. d4 exd4 4. Bc4 Nf6 5. e5 d5 6. Bb5 Ne4 7. Nxd4 Bd7 8. Bxc6 bxc6 9. O-O c5 10. Nb3 Bb5 11. Re1 Qh4 12. f3 Ng5 13. Nc3 Bc6 14. Na5 Bd7 15. Bxg5 Qxg5 16. Nxd5 Rc8 17. f4 Qg6 18. Nf6+ gxf6 19. exf6+ Be6 20. Qf3 Bd6 21. f5 Qxf6 22. fxe6 Qxf3 23. exf7+ Kxf7 24. gxf3 Rhg8+ 25. Kh1 Rg6 26. Rg1 Rh6 27. Rg2 Rb8 28. Nc4 Bf4 29. b3 Re8 30. Rd1 Re7 31. Nd2 Rd7 0-1

[Event "Montcalm op 7 2016-17"]
[Site "Quebec CAN"]
[Date "2017.05.04"]
[Round "2"]
[White "Ripoll, Arthur"]
[Black "Abran, David"]
[Result "1-0"]
[WhiteElo "1667"]
[BlackElo "1779"]
[WhiteFideId "-1"]
[WhiteFideId "-1"]
[PlyCount "59"]
[GameId "2160767908411726"]
[EventDate "2017.04.27"]
[EventType "swiss"]
[EventRounds "5"]
[EventCountry "CAN"]
[SourceTitle "EXT 2022"]
[Source "ChessBase"]
[SourceDate "2021.10.06"]
[SourceVersion "1"]
[SourceVersionDate "2021.10.06"]
[SourceQuality "1"]

1. e4 c5 2. Nf3 Nc6 3. d4 cxd4 4. Nxd4 g6 5. Nc3 Bg7 6. Be3 Nf6 7. Bc4 O-O 8. Bb3 d6 9. f3 Bd7 10. Qd2 a6 11. O-O-O Re8 12. g4 Na5 13. h4 Nxb3+ 14. cxb3 h5 15. gxh5 Nxh5 16. Nde2 Rc8 17. Kb1 Qa5 18. Bd4 Be6 19. Bxg7 Nxg7 20. h5 Nxh5 21. Rdg1 Kg7 22. Rg5 Rc5 23. Rhxh5 Rxg5 24. Rxg5 Qb6 25. f4 f6 26. Rg1 Rh8 27. f5 Bf7 28. fxg6 Bxg6 29. Nd5 Qd8 30. Ndf4 1-0

[Event "Montcalm op 7 2016-17"]
[Site "Quebec CAN"]
[Date "2017.05.11"]
[Round "3"]
[White "Genest, Dominic"]
[Black "Sarra-Bournet, Marc"]
[Result "0-1"]
[WhiteElo "1706"]
[BlackElo "1787"]
[WhiteFideId "-1"]
[WhiteFideId "-1"]
[PlyCount "82"]
[GameId "2160767908411727"]
[EventDate "2017.04.27"]
[EventType "swiss"]
[EventRounds "5"]
[EventCountry "CAN"]
[SourceTitle "EXT 2022"]
[Source "ChessBase"]
[SourceDate "2021.10.06"]
[SourceVersion "1"]
[SourceVersionDate "2021.10.06"]
[SourceQuality "1"]

1. c4 e5 2. Nc3 Nf6 3. g3 Nc6 4. Bg2 Bc5 5. Nf3 O-O 6. O-O d5 7. cxd5 Nxd5 8. e3 Nxc3 9. bxc3 e4 10. Nd4 Bxd4 11. cxd4 Bf5 12. f3 exf3 13. Qxf3 Bd3 14. Ba3 Bxf1 15. Rxf1 Qd7 16. Bxf8 Rxf8 17. Rb1 Nd8 18. d5 Qa4 19. Qd1 Qa5 20. Qc2 b5 21. Rc1 b4 22. Qc4 Qa4 23. Bf3 a5 24. Rc2 Qd7 25. Qxc7 Qf5 26. Kg2 a4 27. e4 Qf6 28. Qa5 b3 29. axb3 axb3 30. Rc3 Qd4 31. Rxb3 g6 32. Rb8 Qf6 33. Qb6 Qg5 34. Qa5 Ne6 35. Rxf8+ Nxf8 36. Qc3 Qd8 37. d4 Qa8 38. e5 Qa2+ 39. Kh3 Qf2 40. g4 g5 41. Bg2 Qh4# 0-1

[Event "Montcalm op 7 2016-17"]
[Site "Quebec CAN"]
[Date "2017.05.11"]
[Round "3"]
[White "Stoyanova, Stela"]
[Black "Ripoll, Arthur"]
[Result "0-1"]
[WhiteElo "1517"]
[BlackElo "1667"]
[WhiteFideId "-1"]
[WhiteFideId "-1"]
[PlyCount "76"]
[GameId "2160767908411728"]
[EventDate "2017.04.27"]
[EventType "swiss"]
[EventRounds "5"]
[EventCountry "CAN"]
[SourceTitle "EXT 2022"]
[Source "ChessBase"]
[SourceDate "2021.10.06"]
[SourceVersion "1"]
[SourceVersionDate "2021.10.06"]
[SourceQuality "1"]

1. Nf3 Nf6 2. g3 d5 3. Bg2 Bf5 4. O-O e6 5. d3 h6 6. c4 c6 7. Qb3 Qb6 8. Qxb6 axb6 9. Nh4 Bh7 10. a3 Nbd7 11. b4 Bxb4 12. Bd2 Bc5 13. Be3 dxc4 14. Bxc5 Nxc5 15. dxc4 Ke7 16. f3 g5 17. e4 gxh4 18. g4 Rhd8 19. Kf2 Rd4 20. Ra2 Rad8 21. Ke2 Rxc4 22. Rd1 Rxd1 23. Kxd1 Nfd7 24. Bf1 Rd4+ 25. Ke2 f5 26. Ke3 Rd1 27. Nd2 Nb3 28. Nxb3 Rxf1 29. gxf5 exf5 30. Rg2 Kf6 31. Nd2 Ra1 32. Nc4 b5 33. Nd6 Rxa3+ 34. Kf2 Ra2+ 35. Kf1 Rxg2 36. Kxg2 fxe4 37. Nxb7 b4 38. Na5 Bg8 0-1

[Event "Montcalm op 7 2016-17"]
[Site "Quebec CAN"]
[Date "2017.05.18"]
[Round "4"]
[White "Lapierre, Gaetan"]
[Black "Kamara, Adama"]
[Result "1-0"]
[WhiteElo "1940"]
[BlackElo "1486"]
[WhiteFideId "-1"]
[WhiteFideId "-1"]
[PlyCount "41"]
[GameId "2160767908411729"]
[EventDate "2017.04.27"]
[EventType "swiss"]
[EventRounds "5"]
[EventCountry "CAN"]
[SourceTitle "EXT 2022"]
[Source "ChessBase"]
[SourceDate "2021.10.06"]
[SourceVersion "1"]
[SourceVersionDate "2021.10.06"]
[SourceQuality "1"]

1. e4 d5 2. exd5 Nf6 3. d4 Bg4 4. f3 Bf5 5. Bb5+ Bd7 6. Bxd7+ Qxd7 7. c4 c6 8. dxc6 Nxc6 9. Ne2 O-O-O 10. Be3 e5 11. d5 Bb4+ 12. Nbc3 Qf5 13. Qb3 Bxc3+ 14. Qxc3 Nd4 15. Nxd4 exd4 16. Qxd4 b6 17. O-O Nd7 18. b4 Qe5 19. c5 Rhe8 20. Rfe1 Kc7 21. Bf4 1-0

[Event "Montcalm op 7 2016-17"]
[Site "Quebec CAN"]
[Date "2017.05.18"]
[Round "4"]
[White "Sarra-Bournet, Marc"]
[Black "Ripoll, Arthur"]
[Result "0-1"]
[WhiteElo "1787"]
[BlackElo "1667"]
[WhiteFideId "-1"]
[WhiteFideId "-1"]
[PlyCount "142"]
[GameId "2160767908411730"]
[EventDate "2017.04.27"]
[EventType "swiss"]
[EventRounds "5"]
[EventCountry "CAN"]
[SourceTitle "EXT 2022"]
[Source "ChessBase"]
[SourceDate "2021.10.06"]
[SourceVersion "1"]
[SourceVersionDate "2021.10.06"]
[SourceQuality "1"]

1. e4 e5 2. Nf3 Nc6 3. Bb5 a6 4. Ba4 Nf6 5. O-O b5 6. Bb3 Bc5 7. c3 d6 8. d4 exd4 9. cxd4 Bb6 10. Bg5 h6 11. Bxf6 Qxf6 12. e5 dxe5 13. dxe5 Qg6 14. Bd5 Bb7 15. Nc3 O-O 16. Qe2 b4 17. Be4 Nd4 18. Nxd4 Bxe4 19. Nxe4 Bxd4 20. Ng3 Rfe8 21. Qd2 c5 22. Rae1 Rad8 23. Qc1 Rd5 24. e6 Rxe6 25. Rxe6 Qxe6 26. Re1 Re5 27. Rxe5 Qxe5 28. b3 h5 29. Qd1 h4 30. Nf1 Qf4 31. Qe2 g5 32. g3 Qf5 33. g4 Qe6 34. Qxe6 fxe6 35. Kg2 Kf7 36. Nd2 e5 37. Ne4 Kg6 38. h3 a5 39. Nd2 Kf6 40. Nc4 e4 41. Nxa5 Ke5 42. Nc4+ Kf4 43. a4 bxa3 44. Nxa3 e3 45. fxe3+ Kxe3 46. Nc4+ Kd3 47. Kf3 Kc3 48. Na5 Kb4 49. Nc6+ Kxb3 50. Ke4 Kc3 51. Ne7 Bf2 52. Kf5 Be3 53. Ke4 Bc1 54. Nf5 Kd2 55. Kd5 Ba3 56. Nd6 Ke2 57. Ne4 Bc1 58. Nxc5 Kf3 59. Nd3 Bd2 60. Ke5 Kg3 61. Ke4 Kxh3 62. Kf3 Kh2 63. Kf2 Ba5 64. Kf3 Bb6 65. Ne5 Bc5 66. Nf7 Be7 67. Ne5 h3 68. Nd3 Kg1 69. Nf2 h2 70. Nh3+ Kf1 71. Kg3 Bd6+ 0-1

[Event "Montcalm op 7 2016-17"]
[Site "Quebec CAN"]
[Date "2017.05.25"]
[Round "5"]
[White "Cummins, Paul"]
[Black "Sarra-Bournet, Marc"]
[Result "1-0"]
[WhiteElo "1777"]
[BlackElo "1787"]
[WhiteFideId "-1"]
[WhiteFideId "-1"]
[PlyCount "70"]
[GameId "2160767908411731"]
[EventDate "2017.04.27"]
[EventType "swiss"]
[EventRounds "5"]
[EventCountry "CAN"]
[SourceTitle "EXT 2022"]
[Source "ChessBase"]
[SourceDate "2021.10.06"]
[SourceVersion "1"]
[SourceVersionDate "2021.10.06"]
[SourceQuality "1"]

1. e4 e5 2. Nf3 Nc6 3. Bc4 Bc5 4. c3 Nf6 5. d4 exd4 6. cxd4 Bb4+ 7. Nc3 Nxe4 8. O-O Bxc3 9. d5 Ne5 10. bxc3 Nxc4 11. Qd4 Ncd6 12. Qxg7 Qf6 13. Qxf6 Nxf6 14. Re1+ Kf8 15. Bh6+ Kg8 16. Re5 Nfe4 17. Re1 f6 18. Re7 Nf5 19. Re8+ Kf7 20. Rxh8 Nxh6 21. Rxe4 Ng8 22. Rxh7+ Kg6 23. Reh4 d6 24. Rxc7 Nh6 25. Rhc4 Bg4 26. Nh4+ Kh5 27. g3 Re8 28. f3 Bh3 29. Kf2 Re5 30. Rd4 f5 31. Rg7 Re8 32. Ng2 Ng4+ 33. fxg4+ Kh6 34. Rxb7 Bxg2 35. Kxg2 Re2+ 1-0

[Event "Montcalm op 7 2016-17"]
[Site "Quebec CAN"]
[Date "2017.05.25"]
[Round "5"]
[White "Ripoll, Arthur"]
[Black "Genest, Dominic"]
[Result "1-0"]
[WhiteElo "1667"]
[BlackElo "1706"]
[WhiteFideId "-1"]
[WhiteFideId "-1"]
[PlyCount "107"]
[GameId "2160767908411732"]
[EventDate "2017.04.27"]
[EventType "swiss"]
[EventRounds "5"]
[EventCountry "CAN"]
[SourceTitle "EXT 2022"]
[Source "ChessBase"]
[SourceDate "2021.10.06"]
[SourceVersion "1"]
[SourceVersionDate "2021.10.06"]
[SourceQuality "1"]

1. e4 c5 2. Nf3 d6 3. d4 cxd4 4. Nxd4 Nf6 5. Nc3 g6 6. Be3 Bg7 7. f3 O-O 8. Bc4 Nc6 9. Qd2 Bd7 10. h4 Rc8 11. Bb3 a6 12. h5 Nxh5 13. g4 Nf6 14. O-O-O Ne5 15. Bh6 Nexg4 16. Bxg7 Kxg7 17. fxg4 Nxg4 18. Rdg1 Rh8 19. Rxg4 Bxg4 20. Qh6+ Kg8 21. Qf4 e6 22. Qxg4 h5 23. Qf3 Qg5+ 24. Kb1 h4 25. Nxe6 fxe6 26. Bxe6+ Kg7 27. Bxc8 Rxc8 28. a3 Rf8 29. Qd3 Qf6 30. Nd5 Qf2 31. Ka2 g5 32. Ne7 Qf7+ 33. Nd5 Kh6 34. Qd2 Kh5 35. c4 g4 36. Qh2 h3 37. Qxd6 Re8 38. Nf6+ Kg5 39. Nxe8 Qxe8 40. Qd2+ Kg6 41. Qf4 Qe6 42. e5 Qf5 43. Qd4 g3 44. Qd6+ Kh5 45. Qd1+ Kg5 46. Qd2+ Kh5 47. Qg2 Kh4 48. Qd2 h2 49. Qh6+ Qh5 50. Qf4+ Qg4 51. Rxh2+ gxh2 52. Qxh2+ Kg5 53. Qd2+ Kf5 54. Qd7+ 1-0

[Event "Montcalm-ch"]
[Site "Quebec CAN"]
[Date "2017.04.27"]
[Round "1"]
[White "Dube, Daniel"]
[Black "Pare, Marc"]
[Result "1-0"]
[WhiteElo "1950"]
[BlackElo "2034"]
[WhiteFideId "-1"]
[WhiteFideId "-1"]
[PlyCount "71"]
[GameId "2160767908411733"]
[EventDate "2017.04.27"]
[EventType "tourn"]
[EventRounds "5"]
[EventCountry "CAN"]
[SourceTitle "EXT 2022"]
[Source "ChessBase"]
[SourceDate "2021.10.06"]
[SourceVersion "1"]
[SourceVersionDate "2021.10.06"]
[SourceQuality "1"]

1. e4 d5 2. exd5 Nf6 3. d4 Nxd5 4. c4 Nb6 5. Nf3 g6 6. Be2 Bg7 7. O-O O-O 8. Nc3 Bg4 9. h3 Bxf3 10. Bxf3 Nc6 11. c5 Nc4 12. d5 Nd4 13. Be2 Ne5 14. Be3 Nxe2+ 15. Qxe2 c6 16. f4 Nd7 17. dxc6 bxc6 18. Rad1 Qc7 19. Qc4 Rab8 20. b4 a5 21. b5 cxb5 22. Nxb5 Qc6 23. Nd4 Qe4 24. Rfe1 Rb4 25. Qc3 Rc8 26. c6 Nb6 27. Qc5 Qd5 28. Nb3 Qxc6 29. Rd8+ Bf8 30. Rxc8 Qxc8 31. Qxa5 e6 32. Bxb6 Qc3 33. Rc1 Qb2 34. Rc8 Rxb3 35. axb3 Kg7 36. Qe5+ 1-0

[Event "Montcalm-ch"]
[Site "Quebec CAN"]
[Date "2017.04.27"]
[Round "1"]
[White "Dube, Dominic"]
[Black "Cournoyer, Dominic"]
[Result "1-0"]
[WhiteElo "1859"]
[BlackElo "1977"]
[WhiteFideId "-1"]
[WhiteFideId "-1"]
[PlyCount "125"]
[GameId "2160767908411734"]
[EventDate "2017.04.27"]
[EventType "tourn"]
[EventRounds "5"]
[EventCountry "CAN"]
[SourceTitle "EXT 2022"]
[Source "ChessBase"]
[SourceDate "2021.10.06"]
[SourceVersion "1"]
[SourceVersionDate "2021.10.06"]
[SourceQuality "1"]

1. e4 d5 2. e5 c5 3. Nf3 Nc6 4. c3 Bg4 5. d4 e6 6. Bb5 Qb6 7. Bxc6+ bxc6 8. Nbd2 cxd4 9. cxd4 Bb4 10. O-O Ne7 11. Qb3 Bxd2 12. Qxb6 axb6 13. Nxd2 Kd7 14. b4 Ra7 15. a3 Be2 16. Re1 Bb5 17. f4 Rc8 18. Nf3 h6 19. Be3 Rca8 20. Bc1 Ra4 21. Bb2 Rc8 22. Rac1 Ra7 23. g4 Rac7 24. h4 c5 25. bxc5 bxc5 26. dxc5 Rxc5 27. Nd4 Ng6 28. f5 Nxh4 29. fxe6+ fxe6 30. Kf2 Rxc1 31. Bxc1 Bc4 32. Bd2 Rf8+ 33. Kg3 Ng6 34. Bb4 Rf4 35. Bc5 Rf1 36. Rxf1 Bxf1 37. Bd6 Nh8 38. Bf8 Nf7 39. Bxg7 Bd3 40. Kf4 Bg6 41. a4 h5 42. a5 hxg4 43. Nxe6 Kc8 44. Kxg4 Kb7 45. Nc5+ Ka7 46. e6 Nd6 47. Kf4 Be8 48. Be5 Nc4 49. a6 Kb6 50. Bd4 Bb5 51. e7 Nd6 52. Ke5 Ne8 53. Kxd5 Nc7+ 54. Kd6 Ne8+ 55. Ke6 Nc7+ 56. Kf7 Ne8 57. Nd7+ Kxa6 58. Kxe8 Be2 59. Nf6 Kb7 60. Kd8 Bb5 61. Nd7 Ka8 62. e8=Q Bxd7 63. Kxd7+ 1-0